MARC details
| 000 -LEADER |
| fixed length control field |
00989nam a2200241Ia 4500 |
| 003 - CONTROL NUMBER IDENTIFIER |
| control field |
IN-BaIIA |
| 008 - FIXED-LENGTH DATA ELEMENTS--GENERAL INFORMATION |
| fixed length control field |
211028s9999 xx 000 0 eng d |
| 020 ## - INTERNATIONAL STANDARD BOOK NUMBER |
| International Standard Book Number |
90-277-0365-5 |
| 040 ## - CATALOGING SOURCE |
| Transcribing agency |
IIA Library |
| 080 ## - UNIVERSAL DECIMAL CLASSIFICATION NUMBER |
| Universal Decimal Classification number |
082.2:52 |
| Item number |
IAU-S54 |
| 111 ## - MAIN ENTRY--MEETING NAME |
| Meeting name or jurisdiction name as entry element |
International Astronomical Union Symposium |
| Number of part/section/meeting |
54th |
| Location of meeting |
Geneva, Switzerland |
| Date of meeting or treaty signing |
1972 Sep. 12-15 |
| 9 (RLIN) |
7869 |
| 245 #0 - TITLE STATEMENT |
| Title |
Problems of calibration of absolute magnitudes and temperature of stars |
| Remainder of title |
proceedings of the IAU symposium, no. 54, held in Geneva, Switzerland, September 12-15, 1972 |
| Statement of responsibility, etc. |
edited by B. Hauck and B. E. Westerlund |
| 260 ## - PUBLICATION, DISTRIBUTION, ETC. |
| Place of publication, distribution, etc. |
Dordrecht |
| Name of publisher, distributor, etc. |
D. Reidel Publishing |
| Date of publication, distribution, etc. |
1973 |
| 300 ## - PHYSICAL DESCRIPTION |
| Extent |
vii, 304p. |
| 490 ## - SERIES STATEMENT |
| Series statement |
IAU Symposium; no. 54 |
| 650 ## - SUBJECT ADDED ENTRY--TOPICAL TERM |
| Topical term or geographic name entry element |
Absolute magnitudes calibration |
| 9 (RLIN) |
7870 |
| 650 ## - SUBJECT ADDED ENTRY--TOPICAL TERM |
| Topical term or geographic name entry element |
Temperature calibration |
| 9 (RLIN) |
7871 |
| 650 ## - SUBJECT ADDED ENTRY--TOPICAL TERM |
| Topical term or geographic name entry element |
Astronomy and Astrophysics Thesaurus |
| 9 (RLIN) |
1143 |
| 650 ## - SUBJECT ADDED ENTRY--TOPICAL TERM |
| Topical term or geographic name entry element |
High temperature physics |
| 9 (RLIN) |
7872 |
| 700 ## - ADDED ENTRY--PERSONAL NAME |
| Personal name |
Hauck, B., ed. |
| 9 (RLIN) |
7873 |
| 700 ## - ADDED ENTRY--PERSONAL NAME |
| Personal name |
Westerlund, B. E., ed. |
| 9 (RLIN) |
7708 |
| 942 ## - ADDED ENTRY ELEMENTS (KOHA) |
| Koha item type |
Books |